000
00361nam a2200145Ia 4500
008
231129s1985||||xx |||||||||||||| ||spa||
020
_a
84-335-8435-9
040
_b
spa
082
_a
738.1 G516h
100
_a
Giral Maria Dolores
245
0
_a
Hagamos ceramica
260
_c
1985
264
_a
Labor
942
_2
ddc
_c
BKS
999
_c
14902
_d
14902